Las Mancomunidades provinciales : tesis doctoral / F. Culí y Verdaguer tesis doctoral / F. Culí y Verdaguer
Descripción Física:
78 p. ; 23 cm
MARC
| LEADER | 00000nam a2200000Ia 4500 | ||
|---|---|---|---|
| 001 | 406 | ||
| 008 | 160829s1915 xx 000 0 cat d | ||
| 080 | |a M-3-175 | ||
| 100 | |a Culí i Verdaguer, F. |9 20499 | ||
| 245 | |a Las Mancomunidades provinciales : |b tesis doctoral / F. Culí y Verdaguer | ||
| 260 | |a Barcelona : |b (Imp. de la Casa Caritat), |c 1915 | ||
| 300 | |a 78 p. ; |c 23 cm | ||
| 610 | 2 | 0 | |a Catalunya. |b Mancomunitat |9 53015 |
| 650 | |a Mancomunitats |9 28736 | ||
| 650 | 0 | |a Administració local |9 34286 | |
| 856 | 4 | |u https://media.diba.cat/diba/fitxers/arxiu/mancomunitat/bib_406_baixa.pdf |y Accés lliure | |
| 901 | |a Arxiu | ||
| 942 | |n 1 |2 udc | ||
| 952 | |0 0 |1 0 |4 0 |6 M3175 |7 1 |9 41563 |a Arxiu |b Arxiu |d 2016-12-01 |l 0 |o M-3-175 |p 406 |r 2016-12-01 00:00:00 |w 2016-12-01 |y ARXIU | ||
| 999 | |c 43453 |d 43453 | ||
| 900 | |a bib_406_baixa.pdf | ||